000 01339cam a2200385 i 4500
001 768714001
003 CO-MdFUSB
005 20210303115910.0
007 ta
008 960709t1978 ilua b 000 0 eng
010 _a78002078
020 _a0877847991 :
040 _aDLC
_cCO-MdFUSB
_dCAP
_dCO-MdFUSB
_dUtOrBLW
_bspa
_erda
041 _aeng
082 _223
_a223.206
_bG619
090 _aBS1430.2
100 1 _aGoldingay, John.
_eautor
245 1 0 _aSongs from a strange land :
_bPsalms 42-51
_c/ John Goldingay.
264 1 _aDowners Grove, Ill. :
_bInterVarsity Press,
_c[1978]
264 4 _c©1978
300 _a172 páginas :
_bilustraciones ;
_c20 cm.
336 _atexto
_btxt
_2rdacontent.
337 _asin mediación
_bn
_2rdamedia.
338 _avolumen
_bnc
_2rdacarrier.
490 1 _aBible speaks today.
504 _aIncluye referencias bibliográficas.
505 _aDios me ha olvidado: Salmo 42-43. -- Dios ayudanos: Salmo 44. -- Si Dios es rey : Salmo 45 y 47. -- Si Dios está con nosotros: Salmo 46-48 y 50. -- Pero Dios rescatará: Salmo 49. -- ¿Dios perdonará? Salmo 51
563 _aRústico
630 7 _aBiblia.
_pSalmos
_xCrítica, interpretación, etc.
830 0 _aBible speaks today.
942 _cBK
945 _aJTF-925
999 _c66263
_d66263